| 000 | 00362nam a22001457a 4500 | ||
|---|---|---|---|
| 999 |
_c529841 _d529841 |
||
| 003 | NUST | ||
| 020 |
_a9789695811603 _qH/B. |
||
| 038 | _awaseem | ||
| 082 |
_a297 _bKHA |
||
| 100 |
_aKhan, Mustayeen Ahmed _922765 |
||
| 245 |
_aThe Divine Wisdom / _cMustayeen Ahmed Khan |
||
| 260 |
_aLahore : _bAjmal Publication, _c2013. |
||
| 300 | _a348 p. ; | ||
| 942 |
_2ddc _cBK |
||